Music Quiz

Random Music or Song Quiz

Beginning Song Titles III Quiz Stats

Quiz Updated Oct 1, 2015

Challenge
Share
Tweet
Embed
Score 0/40 Timer 04:00
9 Plays Today
Rest of Title [Artist] First Word % Correct
____ Stop Believin' [Journey]Don't
98.9%
____ Eyed Girl [Van Morrison]Brown
92.6%
____ Compares 2 U [Sinéad O'Connor]Nothing
86.2%
____ Bye Bye [*NSYNC]Bye
85%
____ Can't Hurry Love [The Supremes]You
84.6%
____ What It's Worth [Buffalo Springfield]For
81.1%
____ Reputation [Joan Jett]Bad
80.7%
____ in a Bottle [Christina Aguilera]Genie
79.3%
____ Don't Lie [Shakira ft.Wyclef Jean]Hips
78.3%
____ from the Block [Jennifer Lopez]Jenny
74.8%
____ Along the Watchtower [Bob Dylan]All
74.4%
____ Was a Rolling Stone [The Temptations]Papa
74.3%
____ Ya! [Outkast]Hey
74.1%
____ a Prayer [Madonna]Like
73.5%
____ Boi [Avril Lavigne]Sk8er
69%
____ No. 5 (A Little Bit of...) [Lou Bega]Mambo
68.9%
____ in the USSR [The Beatles]Back
68.4%
____ Land is Your Land [Woody Guthrie]This
67.9%
____ of Broken Dreams [Green Day]Boulevard
66.5%
____ and Julio Down by the Schoolyard [Paul Simon]Me
66.1%
Rest of Title [Artist] First Word % Correct
____ Me Out [Franz Ferdinand]Take
63.7%
____ Yellow Brick Road [Elton John]Goodbye
62%
____ Space [Taylor Swift]Blank
59.2%
____ and Juice [Snoop Dogg]Gin
59.1%
____ My Body [Mariah Carey]Touch
58.1%
____ on Broken Glass [Annie Lennox]Walking
57.7%
____ Was a Good Day [Ice Cube]It
57.3%
____ Girl (In the World) [Rihanna]Only
49.9%
____ Pimpin' [Jay-Z]Big
44.9%
____ I'm Amazed [Paul McCartney]Maybe
43.9%
____ By the Dashboard Light [Meat Loaf]Paradise
40.4%
____ Punk is Playing at my House [LCD Soundsystem]Daft
39.3%
____ You Loved Me [Celine Dion]Because
35.5%
____ for Life [Iggy Pop]Lust
33.5%
____ About Dre [Dr. Dre ft. Eminem]Forgot
31.2%
____ in the Sun [Weezer]Island
27.5%
____ in the Closet [R. Kelly]Trapped
24.5%
____ Great Heights [Postal Service]Such
21.3%
____ Lion Zion [Bob Marley]Iron
14.3%
____ Myself [Nicki Minaj ft. Beyoncé]Feeling
12.6%

You're not logged in!

Compare scores with friends on all Sporcle quizzes.
Sign Up with Email
OR
Log In

You Might Also Like...

Show Comments

Extras

Top Quizzes Today


Score Distribution

Your Account Isn't Verified!

In order to create a playlist on Sporcle, you need to verify the email address you used during registration. Go to your Sporcle Settings to finish the process.